[Event "Duell 7"]
[Site "Turnierstufe"]
[Date "2025.03.20"]
[Round "1"]
[White "Reflection II max Nigel Short"]
[Black "Reflection II max Super Expert C sel. 5"]
[Result "1/2-1/2"]
[WhiteElo "2172"]
[BlackElo "2181"]
[PlyCount "119"]

1.e4 c5 2.c3 Nf6 3.e5 Nd5 4.d4 cxd4 5.cxd4 d6 6.Nf3 Nc6 7.Bc4 e6 8.O-O Be7 
9.Qe2 O-O 10.Nc3 {Buchende.} 10...Nxc3 11.bxc3 dxe5 12.dxe5 Qc7 {Buchende.} 
13.Rd1 Na5 14.Bd3 Qxc3 $6 {Ein fragwürdiger Bauernraub, weil die schwarze
Königsstellung jetzt schon leicht wackelt.} ( {Besser} 14...Nc6 {oder} ) ( 
14...g6 ) 15.Bb2 ( 15.Bg5 $1 ) 15...Qb4 16.Rab1 Nc6 {Nimmt den überflüssigen 13.
Zug zurück - mit einer Bewertung von (+00.94).} 17.Nd4 {Weiß sagt (+0.44) für
sich.} 17...Nxd4 18.Bxd4 Qa5 19.Qc2 h6 20.Rb5 Qa3 21.Bc5 Bxc5 22.Rxc5 b6 23.Rc3 
Qa5 24.Bh7+ Kh8 25.Be4 Rb8 26.Rc7 Qxe5 27.Rxf7 Ba6 28.Rxa7 $10 {NS hat seinen
Bauern zurück, steht aktiver und der Be6 ist schutzbedürftig.} 28...Rbc8 29.Qb1 
Be2 30.Re1 Qf4 31.f3 Qe3+ 32.Kh1 Qf2 33.Rg1 ( 33.Rd7 {z.B. macht nur Remis:} 
33...Rxf3 34.gxf3 ( 34.Bb7 Rcf8 35.Bxf3 Bxf3 36.Rg1 Bd5 {...} ) 34...Bxf3+ 
35.Bxf3 Qxf3+ {...} ) 33...b5 34.Rd7 Bc4 35.Qa1 Rf6 36.Rc1 Re8 37.a3 e5 38.Qb1 
Qe3 39.a4 Ba2 40.Qa1 Bc4 41.Rc3 Qf2 42.Rc2 Qb6 43.axb5 Qxb5 44.Rc7 Bb3 45.Rc1 
Qe2 46.Qa7 Rd6 47.Rg1 Rd1 48.h3 Qd2 49.Rxg7 Rxg1+ 50.Kxg1 Qc1+ 51.Kh2 Qf4+ 
52.Rg3 Bf7 {Jeder andere Zug verliert und stellt gleichzeitig eien Falle.} 
53.Kg1 {NS rechnet 15 Minuten und findet den rettenden Zug zum Remis. Es droht
natürlich ...Tg8.} ( {Nur} 53.Kh1 {geht auch noch. Alle anderen Züge bringen
Schwarz auf die Siegerstraße. z.B.:} ) ( 53.Qxf7 Qxf7 54.Bg6 Qe6 55.Bxe8 Qxe8 
{...} ) ( 53.Bh7 h5 54.h4 Kxh7 {...} ) 53...Qxg3 54.Qxf7 Qg8 55.Qh5 Qf8 56.Qg6 
Re7 57.Qd6 Re8 {(00.00)} 58.Qg6 {(0.00)} 58...Re7 59.Qd6 Re8 ( 59...Kg7 60.Qg6+ 
Kh8 61.Qd6 {...} ) 60.Qg6 {Remis 3x.} 1/2-1/2

[Event "Duell 7"]
[Site "Turnierstufe"]
[Date "2025.03.24"]
[Round "2"]
[White "Reflection II max Super Expert C sel. 5"]
[Black "Reflection II max Nigel Short"]
[Result "1-0"]
[WhiteElo "2181"]
[BlackElo "2172"]
[PlyCount "142"]

1.d4 d5 2.c4 c6 3.Nc3 Nf6 4.e3 {Buchende.} 4...g6 {Buchende.} 5.cxd5 cxd5 6.Nf3 
Bg7 7.Bb5+ Nc6 8.Qa4 Bd7 9.Ne5 O-O 10.Nxc6 Bxc6 11.Bxc6 bxc6 12.Qxc6 {Wie in
Partie 1 hat SEC zwar einen Mehrbauern, aber eine vorwitzige, angreifbare Dame
und seine Entwicklung ist nicht abgeschlossen.} 12...Qa5 13.Bd2 Rfc8 14.Qa4 ( 
{SEC braucht gut 10 Minuten, um den Verlustzug} 14.Qb7 $2 {zu verwerfen.} 
14...Rab8 15.Nxd5 ( 15.b4 Qa3 16.Qxe7 Rxc3 {...} ) 15...Qxd5 16.Qxd5 Nxd5 {...} 
) 14...Qxa4 15.Nxa4 Ne4 {(-0.37)} 16.Nc3 ( {Oder besser} 16.f3 Nxd2 17.Kxd2 
{... denn zentral steht der König nun besser als in der Rochadeecke.} ) 16...e5 
17.dxe5 Bxe5 $10 {Weiß ist unter Druck und wird wohl einen Bauern zurückgeben
müssen.} 18.Rc1 Nxd2 19.Kxd2 d4 20.Na4 Re8 21.Rc6 dxe3+ 22.fxe3 Rad8+ 23.Kc2 
Bh8 $6 {Geht ohne Not in die Ecke ...} ( 23...f5 {ist hier eine Option.} ) 
24.Rd1 Rxd1 25.Kxd1 Rxe3 26.Rc8+ Kg7 {... und wird eingesperrt.} 27.Rc7 a6 
28.Ra7 Rd3+ 29.Ke2 Rd6 30.Nc5 Kh6 31.b4 $6 ( 31.Rxa6 Rxa6 32.Nxa6 Bxb2 33.a4 
{...} ) 31...Bd4 32.Rxf7 {Es sieht gut aus für SEC.} 32...Bc3 ( {Oder} 
32...Bxc5 33.bxc5 Rc6 34.Ra7 Rxc5 35.Rxa6 {...} ) 33.Nd3 Re6+ 34.Kd1 Rd6 35.Kc2 
Rc6 36.Kb3 Bd4 37.Ne1 Bf6 38.a4 Rc3+ 39.Ka2 Rc6 40.Kb1 g5 41.Nd3 Bd4 42.Rd7 Bf6 
43.Ra7 Bc3 {NS kann nicht viel tun - nur auf Fehler des Gegners warten.} 44.b5 
axb5 45.axb5 Rc8 46.Ra6+ Kg7 47.Rc6 $6 ( {Stärker ist} 47.b6 {und dann} 
47...Bd4 ( 47...Rb8 48.Nc5 Be5 49.Ra7+ Kh6 50.Nd7 {...} ) 48.Ra7+ Kf6 49.Rxh7 
Rc3 50.b7 Ba7 51.Nf2 {...} ) 47...Rxc6 48.bxc6 Ba5 49.Kc2 Kf6 50.Kb3 Bc7 51.h3 
h6 $2 ( 51...g4 $1 52.hxg4 Kg5 53.Nf2 Kf4 54.Kc4 Kg3 55.Ne4+ Kxg4 56.Nf6+ Kg3 
57.Nxh7 Kxg2 {...} ) 52.Kc4 ( {Zunächst blockieren:} 52.g4 $1 ) 52...Ke7 53.Kd5 
Kd8 54.g4 Ba5 55.Nc1 Kc7 56.Ne2 Bd2 57.Nd4 Bb4 58.Ne6+ Kb6 59.Ng7 Kc7 60.Ne8+ 
Kc8 {Das war's. Zeitkontrolle und der Rest ist Formsache.} 61.Ke5 Be7 62.Nf6 
Ba3 63.Nd5 Bb2+ 64.Ke6 Ba3 65.Kf7 Bc5 66.Kg7 Ba3 67.Kxh6 Bc1 68.Kg6 Kd8 69.Kf6 
Kc8 70.Ke7 Bd2 71.Kd6 Ba5 {(Ich gebe auf!)} 1-0

[Event "Duell 7"]
[Site "Turnierstufe"]
[Date "2025.03.30"]
[Round "3"]
[White "Reflection II max Nigel Short"]
[Black "Reflection II max Super Expert C sel. 5"]
[Result "1/2-1/2"]
[WhiteElo "2162"]
[BlackElo "2191"]
[PlyCount "183"]

1.e4 e5 2.Nf3 Nc6 3.Bb5 a6 4.Ba4 Nf6 5.O-O Nxe4 6.d4 b5 7.Bb3 d5 8.dxe5 Be6 
9.Nbd2 Nc5 10.c3 {Buchende.} 10...Be7 {Buchende.} 11.Re1 ( 11.Bc2 {ist üblich.} 
) 11...Nd3 12.Re3 Nc5 13.Re1 O-O 14.Nd4 Nxd4 15.cxd4 Nxb3 16.Nxb3 c6 17.Bd2 Qd7 
18.Rc1 Rac8 {Die Stellung ist in etwa ausgeglichen. Allerdings wird Weiß den
Punkt c6 ins Visier nehmen. Beide rechnen übrigens in dieser Stellung glatt 10
Halbzüge durch!} 19.Qc2 Rfe8 20.Nc5 Bxc5 {(00.00)} 21.Qxc5 {(0.27)} 21...Qd8 
22.Re3 a5 23.Ra3 a4 24.b3 axb3 25.axb3 Bd7 26.Rca1 {Und nun wird's taktisch.} 
26...Qh4 27.Ra7 Bf5 28.f3 f6 29.Be3 {(0.76) Wie erwartet belagert NS den Bauern
auf c6 und auch die einzige offene Linie gehört ihm.} 29...fxe5 {(+00.32)} 
30.dxe5 Re6 31.Qc3 Rce8 32.Bf2 Qg5 33.Bd4 Qg6 34.Rc7 Bh3 {Das bringt nichts,
Nigel Short hat das im Griff oder?} 35.Qb2 {Falsch. Jetzt ist für Schwarz ein
Remis drin.} ( {Richtig ist} 35.Qd2 ) 35...R6e7 ( {SEC sieht nicht} 35...Qd3 
{und z.B.} 36.Qc3 ( 36.Kh1 Rg6 37.Rg1 Rxe5 38.Bxe5 Bxg2+ 39.Qxg2 Rxg2 {...} ) ( 
36.gxh3 Rg6+ 37.Kf2 Rf8 38.Be3 Qf5 39.Qe2 Qxe5 40.Raa7 d4 {...} ) 36...Qe2 
37.Qb2 Qd3 ) 36.Rxe7 Rxe7 37.Ra8+ Kf7 38.Kh1 Be6 39.Qc1 Rc7 40.Qc5 Rc8 41.Ra6 
Rc7 42.Qd6 Re7 43.Qxc6 {Nigel Short ist ein guter Stratege.} ( 43.Rxc6 {ist wohl
noch besser, z.B.} 43...Qb1+ 44.Bg1 Qxb3 45.h3 Qb1 46.Rb6 Qc2 47.Rxb5 {...} ) 
43...Qb1+ 44.Bg1 Qxb3 45.Ra8 Qc4 46.Qb6 Qc7 47.Qxb5 Qxe5 48.Qb4 Bf5 {Der Rauch
hat sich verzogen, es sieht nach Unentschieden aus.} 49.Rd8 Be6 50.Bd4 Qc7 
51.Rh8 Bf5 52.h3 Bxh3 {(00.00) SEC will es kurz machen. Remis.} 53.gxh3 
{(0.00)} 53...Qg3 54.Bf2 Qxf2 55.Qf4+ Ke6 56.Qg4+ Kd6 57.Rd8+ Kc5 58.Rc8+ Kb5 
59.Rb8+ Kc6 60.Qc8+ Kd6 {Rest in je 1 Stunde. Nigel Short willigt nicht ein.} 
61.Qd8+ Kc6 62.Qc8+ Kd6 63.Qd8+ Rd7 64.Qf8+ Re7 65.Rd8+ Kc6 66.Rc8+ Rc7 67.Qe8+ 
Kb7 68.Rb8+ Ka7 69.Ra8+ Kb7 70.Qb8+ Kc6 71.Ra6+ $6 {Will NS doch noch gewinnen?} 
71...Kd7 72.Qb5+ Ke7 73.Qb4+ Qc5 74.Qh4+ Kf7 75.Qh5+ Kg8 76.Ra8+ Rc8 77.Rxc8+ 
Qxc8 78.Qxd5+ Kf8 79.Kg2 Qc2+ 80.Kg3 Qg6+ 81.Kf4 Qf6+ 82.Kg4 Qg6+ 83.Kf4 Qh6+ 
84.Qg5 Qxh3 {Beide lassen nichts aus. Ermüdend.} 85.Qd8+ Kf7 86.Qc7+ Kf6 
87.Qe5+ Kg6 88.Qd6+ Kf7 89.Qc7+ Kg6 90.Qd6+ Kh5 91.Qc5+ Kg6 92.Qd6+ {Endlich!
Remis 3x.} 1/2-1/2

[Event "Duell 7"]
[Site "Turnierstufe"]
[Date "2025.04.01"]
[Round "4"]
[White "Reflection II max Super Expert C sel. 5"]
[Black "Reflection II max Nigel Short"]
[Result "1-0"]
[WhiteElo "2190"]
[BlackElo "2163"]
[PlyCount "96"]

1.d4 Nf6 2.c4 g6 3.Nc3 d5 4.cxd5 Nxd5 5.e4 Nxc3 6.bxc3 Bg7 7.Bc4 c5 8.Ne2 cxd4 
9.cxd4 Nc6 10.Be3 O-O 11.O-O Na5 12.Bd3 b6 13.Rc1 e6 {Buchende.} 14.Qd2 Bb7 
15.h4 {Buchende.} 15...Qxh4 $2 {Mit (+0.33) gespielt, aber der Bauer ist
vergiftet:} 16.Bg5 {(-00.51) Er sieht selbst (noch) nicht, was das Buch ihm
beschert hat.} 16...Qg4 17.f3 {(-00.10)} 17...Qh5 {(-1.03)} 18.Ng3 {(-00.10)} 
18...Bxd4+ {(-1.09) Was sonst?} ( 18...Qxg5 19.Qxg5 Rfd8 20.d5 exd5 21.Rc7 
{...} ) 19.Rf2 {(+00.74)} 19...Bxf2+ 20.Kxf2 Qh2 21.Rh1 ( {Stärker noch, aber
viel zu tief ist:} 21.Bf6 $1 {und z.B.} 21...Rad8 22.Rh1 Rxd3 23.Qxd3 Qxh1 
24.Nxh1 h6 25.Qd2 Kh7 26.Qd7 Kg8 27.Bc3 Ba8 28.Qxa7 Rc8 29.Qxb6 Rxc3 30.Qd8+ 
Kh7 31.Qxa5 {...} ) 21...Qxh1 22.Nxh1 f6 23.Bh6 Rf7 24.Bb5 a6 25.Be2 Nc6 26.a4 
Rd8 27.Qb2 Rd6 28.Qxb6 Rfd7 29.Qc5 Ne5 30.Kg1 ( 30.f4 $1 Nf7 ( 30...Nc6 31.e5 
fxe5 32.Bc4 Nd8 33.fxe5 Rf7+ 34.Kg1 Rdd7 35.Nf2 Bc6 36.Ng4 Kh8 37.Nf6 {...} ) 
31.e5 Nxh6 32.exd6 Nf7 33.Ng3 Nxd6 34.Qb6 Bd5 35.Bxa6 {...} ) 30...Nf7 31.Be3 
Rc6 32.Qb4 Rdc7 33.Nf2 e5 34.Bb6 Rc8 35.Nd3 a5 {Noch das beste.} ( 35...Rc2 
36.Bc5 Rxe2 37.Qxb7 Rd8 38.Be7 Re8 39.Bxf6 Rd2 40.Qxa6 {...} ) 36.Qxa5 Rc2 {NS
wehrt sich nach Kräften, aber sein Gegner hat alles im Griff - und noch einen
Siegerbauern auf der a-Linie.} 37.Bd1 R2c3 38.Nf2 Rc1 39.Qb4 Ba6 40.Be3 R1c6 
41.Bb3 Bc4 42.Bxc4 Rxc4 43.Qe7 f5 {U.a. droht Sg4.} 44.exf5 gxf5 45.Nd3 R4c7 ( 
45...Rxa4 46.Nxe5 Nxe5 47.Qe6+ Nf7 48.Qxc8+ {...} ) 46.Qe6 e4 {(-3.79)} 47.Ne5 
{(04.15)} 47...Ra8 {Die schwarze Verteidigung bricht zusammen:} 48.fxe4 Rd8 
{(Ich gebe auf!)} ( 48...Rd8 49.Bh6 {HIARCS 15.4 sagt Matt in 10.} 49...Rd1+ 
50.Kh2 Re7 51.Qxe7 Nxh6 52.exf5 Rf1 53.f6 Rxf6 54.Qxf6 Ng4+ 55.Nxg4 h5 56.Nh6+ 
Kh7 57.Nf5 Kg8 58.Qg7# ) 1-0

[Event "Duell 7"]
[Site "Turnierstufe"]
[Date "2025.04.02"]
[Round "5"]
[White "Reflection II max Nigel Short"]
[Black "Reflection II max Super Expert C sel. 5"]
[Result "1-0"]
[WhiteElo "2154"]
[BlackElo "2199"]
[PlyCount "90"]

1.d4 Nf6 2.c4 e6 3.Nc3 Bb4 4.e3 O-O 5.Bd3 d5 6.Nf3 c5 7.O-O Nc6 8.a3 Bxc3 
9.bxc3 dxc4 10.Bxc4 Qc7 11.Ba2 e5 12.h3 e4 13.Nh2 Bf5 14.Ng4 Nxg4 15.hxg4 
{Buchende.} 15...Bg6 {Buchende.} 16.Bb2 $10 Rfd8 17.Qe2 b6 18.Rad1 Rd6 19.c4 
Re8 20.Bc3 Qe7 21.Bb3 cxd4 $2 {Bereits der Keim des Verlustes.} ( 21...Red8 
{ist besser.} 22.dxc5 Rxd1 23.Rxd1 Qxc5 ) 22.exd4 {Der Freibauer wird ein
Problem ...} 22...Qh4 23.f3 $6 ( 23.c5 $1 bxc5 24.dxc5 Rxd1 25.Rxd1 Qg5 26.Qb5 
$16 {...} ) 23...e3 $6 {Der Bauer dürfte früher oder später verloren gehen. Nun
kommt richtig} 24.c5 $1 bxc5 25.dxc5 Rxd1 {(-00.17)} 26.Rxd1 {(+0.21) Beide
sehen (noch) keinen Vorteil für Weiß.} 26...Qg5 27.Rd5 Qf4 {(-00.53)} 28.Rd6 
{(+0.23)} 28...Ne5 {(-01.08) Aha.} 29.Rd4 {(+0.75)} 29...Qg3 30.Qxe3 Kf8 31.Ba4 
{(+1.61) Schwarz ist bereits verloren...} 31...Rb8 {(-01.94) ... und hat kaum
noch sinnvolle Züge.} 32.Rb4 {Der zweitbeste Zug.} ( {Es geht} 32.Rd8+ $1 Rxd8 
33.Bxe5 Qh4 34.Bd6+ Kg8 35.Be7 {....} ) 32...Rxb4 33.axb4 f6 34.c6 Nd3 35.Qxa7 
Nf4 {Man kann es ja mal versuchen.} 36.Qb8+ Be8 37.Qd6+ Kf7 38.Qd2 Ne6 39.b5 
Qb8 40.Qd5 Qa7+ 41.Kh1 Qc5 {(-06.08)} 42.Bb3 {(+5.09)} 42...Qxd5 43.Bxd5 g6 
44.f4 f5 45.g5 Ke7 {(resign)} 1-0

[Event "Duell 7"]
[Site "Turnierstufe "]
[Date "2025.04.11"]
[Round "6"]
[White "Reflection II max Super Expert C sel. 5"]
[Black "Reflection II max Nigel Short"]
[Result "0-1"]
[WhiteElo "2188"]
[BlackElo "2165"]
[PlyCount "89"]

1.d4 d5 2.Nf3 Nf6 3.c4 c6 4.Nc3 dxc4 5.a4 Bf5 6.e3 e6 7.Bxc4 Bb4 8.O-O O-O 
9.Qe2 Nbd7 10.e4 Bg6 {Buchende.} 11.e5 Nd5 12.Bd2 {Buchende.} 12...Qa5 13.Rfc1 
N7b6 14.Bxd5 cxd5 15.b3 Rac8 16.Qe1 a6 17.Nh4 Bd3 18.Nf3 Rc6 19.Ne4 $6 ( {Doch
eher} 19.Na2 ) 19...Bxd2 20.Nexd2 Rfc8 21.Rxc6 {Weiß kann nur noch verteidigen,} 
21...Rxc6 22.Rc1 Bc2 23.Qe2 Qb4 24.Qe3 Qa3 {Gut. Nach mehr als 12 Minuten
gespielt.} 25.Rf1 h6 {Nigel Short spielt mit guter Übersicht und bricht einem
möglichen Gegenangriff die Spitze ab.} 26.g4 Qb4 27.g5 Rc3 28.Qf4 h5 {(+1.10)} 
29.Rc1 {(-00.70)} 29...Nd7 30.Kg2 Nf8 31.Nh4 Bxb3 {Erntezeit.} 32.Nxb3 Qxb3 
{(+1.60)} 33.Rxc3 {(-01.85)} 33...Qxc3 34.Qe3 Qa1 35.Qd3 {(-02.18)} 35...g6 
{(+2.16)} 36.Nf3 Qxa4 37.Qc3 b5 {Der Sieg dürfte für das Schröder-Programm nur
noch Formsache sein.} 38.Qc6 a5 39.Qe8 Qb4 40.Qc6 a4 41.Ne1 a3 42.Qc2 Qb2 
43.Qd1 a2 44.Nc2 b4 45.h4 {nach 16 Minuten: (resign)} 0-1

[Event "Duell 7"]
[Site "Turnierstufe"]
[Date "2025.04.14"]
[Round "7"]
[White "Reflection II max Nigel Short"]
[Black "Reflection II max Super Expert C sel. 5"]
[Result "1-0"]
[WhiteElo "2176"]
[BlackElo "2177"]
[PlyCount "88"]

1.e4 c6 2.d4 d5 3.Nc3 dxe4 4.Nxe4 Bf5 5.Ng3 Bg6 6.h4 h6 {Buchende.} 7.h5 Bh7 
8.Nf3 {Buchende.} 8...Nf6 9.c4 ( {Üblich ist} 9.Bd3 Bxd3 10.Qxd3 e6 {...} ) 
9...e6 10.Qb3 Qb6 11.Bd2 Nbd7 12.Be2 Qxb3 13.axb3 Bd6 14.b4 Bxg3 15.fxg3 Ne4 
16.Bf4 Ndf6 17.Nd2 O-O 18.Rf1 Rfd8 19.Be5 Nxd2 {(+00.58)} 20.Kxd2 {(+0.53) Beide
sehen sich leicht im Vorteil. Die weiße Bauernstruktur ist jedenfalls nicht die
beste.} 20...Ne8 ( 20...Ne4+ {sieht doch gut aus ...} ) 21.Ke3 Nd6 22.g4 f6 
23.Bg3 {Nach 15 Minuten Bedenkzeit gespielt.} 23...Rd7 24.Ra3 Kh8 $2 {Sinnlos
und quasi schon der Verlustzug. Was soll der König da ganz in der Ecke?} ( {Wie
gesagt:} 24...Ne4 {sieht doch gut aus ...} ) 25.Rfa1 a6 26.b5 {Nigel Short ist
nun wieder in seinem Element.} 26...cxb5 27.cxb5 Rb8 28.bxa6 bxa6 29.b3 Rc8 
30.Bxd6 Rc3+ 31.Kf2 Rxd6 {(-00.32)} 32.Rxa6 {(+0.43)} 32...Rd8 {(-01.39)} 
33.Ra8 {(+1.18) Der Novag steht mit dem Rücken zur Wand.} 33...Rxa8 34.Rxa8+ 
Bg8 {Spätestens jetzt rächt sich der Königszug nach h8. Schwarz ist gelähmt bzw.
muss einen weiteren Bauern geben.} 35.Rb8 Rc2 36.Ke3 Ra2 37.b4 Rb2 38.Bc4 Kh7 
39.Bd3+ {(+2.92)} 39...Kh8 {(-03.32)} 40.Bg6 Rb3+ 41.Ke4 Rg3 42.Bf7 Rxg4+ 
43.Ke3 Rxg2 44.Rxg8+ Kh7 {und (resign).} 1-0

[Event "Duell 7"]
[Site "Turnierstufe"]
[Date "2025.04.17"]
[Round "8"]
[White "Reflection II max Super Expert C sel. 5"]
[Black "Reflection II max Nigel Short"]
[Result "0-1"]
[WhiteElo "2167"]
[BlackElo "2186"]
[PlyCount "119"]

1.d4 Nf6 2.c4 e6 3.g3 d5 4.Bg2 Be7 5.Nf3 O-O 6.O-O Nbd7 7.b3 c6 8.Bb2 b6 9.Nc3 
{Buchende.} 9...Bb7 {Buchende.} 10.Re1 $10 Ba6 11.cxd5 cxd5 12.Rc1 Rc8 13.a3 
Re8 14.Nd2 Bb7 15.e4 {Nun wird abgetauscht ...} 15...Nxe4 16.Ncxe4 Rxc1 17.Qxc1 
dxe4 18.Nxe4 Qb8 19.Qe3 Rc8 20.Rc1 Rxc1+ 21.Qxc1 {... und SEC muss sich um
seinen Isolani kümmern.} 21...Nf6 22.Qc2 Bxe4 23.Bxe4 Nxe4 24.Qxe4 $10 h5 
25.Qf3 Qc8 26.Qd3 Bf6 27.a4 Qd7 28.Qe4 g6 29.Kg2 Kg7 30.h3 b5 31.g4 $5 {SEC will
wohl verwirren, aber sein Gegner ist kein Mensch.} ( {Einfach} 31.axb5 {und
alles ist noch im Lot.} ) 31...bxa4 32.g5 $6 {Kombiniert weiter ein wenig
bizarr. Aber es sieht ohnehin schon nicht mehr rosig aus für Weiß.} ( {Warum
nicht einfach} 32.bxa4 hxg4 33.hxg4 g5 34.Qc2 Bxd4 35.Bxd4+ Qxd4 36.f3 {...?} ) 
32...Bxg5 33.d5+ Kh6 34.dxe6 fxe6 35.Qb4 {(-01.30)} 35...Qd5+ {(+1.31) Hiarcs
sieht es (noch) remislich.} 36.Kg1 Qf5 37.bxa4 Bf4 38.Qd4 $6 ( 38.Bd4 a6 39.Qb7 
{... hält die Partie noch.} ) 38...e5 39.Qc3 Qb1+ 40.Kg2 Qe4+ 41.Kg1 Qxa4 
42.Qc5 Qb3 43.Qf8+ Kg5 44.Qd8+ Kf5 45.Qd7+ Qe6 46.Qxa7 Kg5 47.Kg2 {(-01.25)} 
47...Kh4 {(+02.17)} 48.Qa3 Qd5+ 49.Kg1 e4 50.Qc3 e3 51.Qe1 Qd2 {Nigel Short
spielt fehlerlos...} 52.Bc3 Qxe1+ 53.Bxe1 exf2+ 54.Bxf2+ Kxh3 55.Bb6 g5 56.Kf2 
g4 57.Bd8 g3+ 58.Kf3 Be3 {... und kann nichts mehr falsch machen.} 59.Kxe3 g2 
{Nach gut 20 Minuten und rund 60,7 Mio. berechneten Positionen spielt SEC} 
60.Kf2 {und sagt (resign).} 0-1

[Event "Duell 7"]
[Site "Turnierstufe"]
[Date "2025.04.20"]
[Round "9"]
[White "Reflection II max Nigel Short"]
[Black "Reflection II max Super Expert C sel. 5"]
[Result "0-1"]
[WhiteElo "2195"]
[BlackElo "2158"]
[PlyCount "142"]

1.e4 c5 2.Nf3 d6 3.d4 cxd4 4.Nxd4 Nf6 5.Nc3 a6 6.Be2 e5 7.Nb3 Be7 8.O-O Be6 
9.a4 {Buchende.} 9...Nbd7 10.f4 Qc7 11.Be3 O-O {Buchende.} 12.f5 Bxb3 ( {Gängig
ist:} 12...Bc4 13.a5 Rfc8 14.Kh1 Bxe2 15.Qxe2 d5 16.exd5 Bb4 17.Bd2 Bxc3 
18.Bxc3 Nxd5 {...} ) 13.cxb3 Rfc8 14.Bc4 Qd8 15.Qd3 Ng4 16.Nd5 Nxe3 17.Nxe7+ 
Qxe7 18.Qxe3 Rc7 19.Rac1 Rac8 20.Rc3 Kh8 21.Rfc1 a5 22.Bd5 Nc5 23.Qh3 Qg5 
24.R1c2 h6 25.Qf3 Qh4 $10 {Druck und Gegendruck halten sich die Waage.} 26.Qe2 
b6 27.g3 Qh3 $2 {Bereits der Keim des Verlustes. Da ist sie doch im Abseits. Am
Königsflügel kommt SEC nicht weiter. Sein Gegner hätte übrigens genauso
gespielt.} 28.Qb5 {Die Musik spielt auf der anderen Seite.} ( {NS könnte auch} 
28.Rc4 {und z.B.} 28...Rb8 29.b4 axb4 30.Rxb4 Ra7 31.b3 {... versuchen.} ) 
28...Rb8 29.Rf2 ( {Doch eher} 29.b4 ) 29...f6 30.b4 $1 {Avanti. Es entsteht ein
entfernter Freibauer ...} 30...axb4 31.Qxb4 Ra7 32.b3 Qg4 33.Rc1 Kh7 34.Rfc2 h5 
{Angriff - aber der dringt nicht durch.} 35.Qc4 h4 36.Rc3 h3 37.Kf1 $6 ( 37.Qf1 
{hält alles.} ) 37...g6 ( 37...b5 {hätte die Sache entspannt.} 38.Qe2 ( 38.axb5 
Ra2 39.R1c2 Rxc2 40.Rxc2 Qf3+ 41.Ke1 {...} ) 38...Qxe2+ 39.Kxe2 bxa4 40.Ra1 
{...} ) 38.fxg6+ Qxg6 39.Kg1 Rf8 {(-00.18)} 40.Qb5 $6 {(+1.28) Defensivere Züge
wie} ( 40.Qe2 {,} ) ( 40.Rf1 {oder} ) ( 40.Rf3 {sind stärker.} ) 40...Nxe4 
41.Rc4 f5 42.Qxb6 {NS stärkt seinen Vorteil am Damenflügel, aber Schwarz hat nun
Spiel gegen den König.} 42...Re7 {(-00.69)} 43.Rc7 {(+1.30)} 43...Rxc7 44.Qxc7+ 
Kh8 45.Rf1 Qg5 ( 45...Nxg3 {geht leider nicht, wegen} 46.hxg3 Qxg3+ 47.Kh1 Qd3 
48.Qc4 {...} ) 46.Qc1 Qxc1 $2 {Sicher ist es besser, mit der Dame
weiterzuspielen.} ( 46...Qg7 47.a5 ) 47.Rxc1 Kg7 $2 {Verliert! Denn nun werden
die beiden Bauern zu Riesen.} ( 47...Rb8 {um die Zwei aufzuhalten. Z.B.:} 
48.Be6 Nc5 49.Bd5 Nd3 50.Rc4 Nb4 ( 50...Rxb3 $4 51.Rc8+ {...} ) 51.Be6 Kg7 
52.Bxf5 Na6 53.Rc3 Nc5 54.a5 Rb5 55.b4 Rxb4 56.Ra3 {...} ) 48.a5 Nc5 49.b4 Nd3 
50.Rc4 Kf6 51.a6 e4 {(-02.37)} 52.a7 {(+1.92)} 52...Re8 53.a8=Q Rxa8 54.Bxa8 
Ne5 55.Rc1 Nf3+ 56.Kh1 Nd4 57.Bc6 Ne2 58.Rd1 Nc3 59.Rxd6+ Ke7 60.Rd4 e3 {Rest in
je 1 Stunde.} 61.Rd3 e2 62.Re3+ Kd6 63.Bf3 e1=Q+ 64.Rxe1 Nb5 65.Re3 Kc7 66.Be2 
Nd4 67.Bf1 Kb6 68.Re8 Kb7 69.Bxh3 Kc7 70.Bg2 Kd7 71.Re5 Nc2 {Endlich: (resign).} 0-1

[Event "Duell 7"]
[Site "Turnierstufe"]
[Date "2025.04.26"]
[Round "10"]
[White "Reflection II max Super Expert C sel. 5"]
[Black "Reflection II max Nigel Short"]
[Result "1-0"]
[WhiteElo "2149"]
[BlackElo "2204"]
[PlyCount "170"]

1.d4 d5 2.c4 e6 3.Nc3 Nf6 4.Bg5 Be7 5.e3 O-O {Buchende.} 6.Qc2 {Buchende.} 
6...Nc6 7.O-O-O a5 8.a3 {Richtig.} 8...h6 9.Bh4 b6 10.cxd5 Nxd5 11.Bg3 Nxc3 
12.Qxc3 Bb7 {Und wieder sieht Nigel Shorts Position gesünder aus.} 13.Nf3 Bd6 
14.Bd3 Ne7 15.Bc2 f5 16.Qc4 ( {Warum nicht} 16.Ne5 {oder} ) ( 16.Rhe1 {?} ) 
16...Bd5 {Na klar.} 17.Qe2 Qe8 18.Kb1 $6 {Da ist der König nicht sicherer.} 
18...Ng6 ( {Besser:} 18...b5 19.Nd2 b4 {... und es wird schon eng für Weiß.} ) 
19.Ka1 f4 ( 19...b5 {.} ) 20.Bxf4 Nxf4 21.exf4 Rxf4 22.Rhe1 Qf7 23.Qd3 Rg4 
24.Ne5 $10 Bxe5 25.Rxe5 Rxg2 $2 {Gierhals.} ( 25...Rf4 ) 26.Qh7+ Kf8 27.Be4 $1 
{Den hatte Nigel Short nicht auf dem Schirm.} 27...Rxf2 $2 {Jetzt verliert er
ganz den Überblick.} ( {Aber es gibt kaum Besseres:} 27...Rg5 28.Bxd5 exd5 ( 
28...Rxe5 29.Bxa8 Re2 30.d5 exd5 31.Bxd5 {...} ) 29.Re3 Rg4 30.f3 Rg6 31.Rde1 
{...} ) 28.Bxd5 {(+02.95)} 28...Re8 29.Rde1 Rf6 30.Qh8+ {Der reicht auch.} ( 
{Oder} 30.Qe4 Qg6 31.Qe2 {und z.B.} 31...h5 32.Qc4 {... und es geht nichts mehr
für Schwarz.} ) 30...Qg8 {(-2.52)} 31.Qxg8+ {(+02.72)} 31...Kxg8 32.Rxe6 Rexe6 
33.Bxe6+ Kf8 34.d5 Ke7 35.Bg8+ Kd7 36.Rc1 Rf2 37.h4 Rh2 38.Be6+ Kd8 39.Rg1 Rxh4 
40.Rxg7 h5 41.Rd7+ Kc8 42.Rg7+ Kd8 {(0.00) NS träumt ein wenig.} 43.Ka2 Rh2 
44.Rd7+ Kc8 45.Rh7+ Kd8 46.Kb3 Rh1 47.Rd7+ Kc8 48.Rg7+ Kd8 49.Rf7 {Hat keine
Idee.} ( {Wie wäre es mit diesem Plan?} 49.Kc4 h4 50.Kb5 Rc1 51.Ka6 Rf1 52.Rd7+ 
Ke8 53.Rxc7 Rd1 54.Kb5 h3 55.Rh7 {...} ) 49...Rh2 50.Rd7+ Kc8 51.Rh7+ Kd8 
52.Kc3 Rh1 53.Kd3 h4 54.Rd7+ Kc8 55.Rh7+ {Ein Trauerspiel.} 55...Kd8 56.Kc3 
Rc1+ 57.Kd4 Rb1 58.b3 {Es passiert doch noch was.} 58...a4 59.bxa4 Ra1 60.Rxh4 
Rxa3 {Rest in je 1 Stunde.} 61.Rh8+ Ke7 62.Rh7+ Kd8 63.Ke5 Rxa4 64.d6 Ra5+ ( 
64...cxd6+ 65.Kxd6 Rd4+ 66.Bd5 {...} ) 65.Bd5 Rc5 66.Ke6 cxd6 67.Kxd6 Rxd5+ 
68.Kxd5 Ke8 69.Kc4 Kf8 70.Ra7 Ke8 71.Kb5 Kd8 72.Rb7 Ke8 73.Rxb6 {Er macht's
umständlich.} 73...Ke7 74.Kc6 Kf6 75.Kd5+ Kf5 76.Rb4 Kf6 77.Rf4+ Kg5 78.Ke5 Kg6 
79.Rf5 Kg7 80.Rf6 Kg8 81.Ke6 Kg7 82.Kf5 {Mattankündigung.} 82...Kh7 83.Rf7+ Kh8 
84.Kf6 Kg8 85.Kg6 Kh8 1-0